00494nam a2200193Ia 4500003000400000005001700004008004100021020002200062040000700084041000800091082001500099100002000114245006900134260002800203300001500231365001300246650002600259650001500285OSt20230511095700.0210423s2009 xx 000 0 und d a978-0-415-48005-5 cAL aeng a809.1 KUMP aKUMAR (Akshaya) aPoetry politics and culture: essays on Indian texts and contexts aLondonbRoutledgec2009 ax,400pbHB b850cINR aHistory of Literature aLiterature